Rubik's Cube World Record Single Holders - Statistics

General Stats
  • This quiz has been taken 72 times
  • The average score is 15 of 35
Answer Stats
Year Person Time % Correct
2023 Max Park 3.13
100%
2018 Feliks Zemdegs 4.22
84%
2018 Feliks Zemdegs 4.59
84%
2016 Feliks Zemdegs 4.73
84%
2011 Feliks Zemdegs 6.18
84%
2011 Feliks Zemdegs 6.24
84%
2011 Feliks Zemdegs 6.65
84%
2011 Feliks Zemdegs 6.65
84%
2011 Feliks Zemdegs 6.77
84%
2010 Feliks Zemdegs 7.03
84%
2018 Yusheng Du 3.47
70%
2016 Mats Valk 4.74
63%
2013 Mats Valk 5.66
63%
2017 Patrick Ponce 4.69
44%
2015 Lucas Etter 5.25
37%
1982 Minh Thai 22.95
37%
2015 Collin Burns 5.55
33%
2017 SeungBeom Cho 4.59
24%
2008 Erik Akkersdijk 7.08
22%
2007 Erik Akkersdijk 9.77
22%
2008 Yu Nakajima 8.72
22%
2008 Yu Nakajima 8.72
22%
2003 Dan Knights 16.71
16%
2003 Jess Bonde 16.53
13%
2004 Shotaro Makisumi 12.11
13%
2004 Shotaro Makisumi 13.93
13%
2004 Shotaro Makisumi 14.76
13%
2004 Shotaro Makisumi 15.07
13%
2008 Edouard Chambon 9.18
11%
2007 Edouard Chambon 10.36
11%
2005 Jean Pons 11.75
11%
2006 Toby Mao 10.48
10%
2006 Leyan Lo 11.13
6%
2007 Thibaut Jacquinot 9.86
6%
2007 Ron Van Bruchmen 9.55
2%
No matching quizzes found
Score Distribution
Percent of People with Each Score
Percentile by Number Answered
Your Score History
You have not taken this quiz